000 00326nam a2200133Ia 4500
003 GCL
008 140319s9999 xx 000 0 ara d
040 _aGCL /
_cGCL
082 0 4 _a813.9
_bهـ م
100 1 _aهالة البدرى
245 1 0 _aمنتهى: رواية /
_cهالة البدرى
300 _a247 ص
490 _a
999 _c37838
_d37838